Since Lenin Died (Record no. 1213795)

MARC details
000 -LEADER
fixed length control field 00462nam a2200193Ia 4500
008 - FIXED-LENGTH DATA ELEMENTS--GENERAL INFORMATION
fixed length control field 151121s9999||||xx |||||||||||||| ||und||
082 ## - DEWEY DECIMAL CLASSIFICATION NUMBER
Classification number 823-/EAS
082 ## - DEWEY DECIMAL CLASSIFICATION NUMBER
Item number HNW-6252
100 ## - MAIN ENTRY--PERSONAL NAME
Personal name Eastman Max
245 ## - TITLE STATEMENT
Title Since Lenin Died
260 ## - PUBLICATION, DISTRIBUTION, ETC. (IMPRINT)
Name of publisher, distributor, etc The Liberal Pub। Company Ltd। London
260 ## - PUBLICATION, DISTRIBUTION, ETC. (IMPRINT)
Date of publication, distribution, etc --
300 ## - PHYSICAL DESCRIPTION
Extent 158
600 ## - SUBJECT ADDED ENTRY--PERSONAL NAME
Personal name Eastman Max
630 ## - SUBJECT ADDED ENTRY--UNIFORM TITLE
Uniform title Since Lenin Died
700 ## - ADDED ENTRY--PERSONAL NAME
Personal name Eastman Max
730 ## - ADDED ENTRY--UNIFORM TITLE
Uniform title Since Lenin Died
942 ## - ADDED ENTRY ELEMENTS (KOHA)
Koha item type Book
Holdings
Withdrawn status Lost status Damaged status Not for loan Home library Current library Date acquired Cost, normal purchase price Total Checkouts Full call number Barcode Date last seen Cost, replacement price Price effective from Koha item type
        Hirachand Nemchand Wachanalaya, Solapur Hirachand Nemchand Wachanalaya, Solapur 11/21/2015 160.00   HNW-6252 HNW-6252 11/21/2015 160.00 11/21/2015 Book